| 000 | 02415cam a22004574i 4500 | ||
|---|---|---|---|
| 003 | PE-LiUPU | ||
| 005 | 20250731184059.0 | ||
| 008 | 170630s2014 mau rb 000 0 eng d | ||
| 020 | _a900426907X | ||
| 020 | _a9789004269071 | ||
| 035 | _a(Sirsi) a237843 | ||
| 040 |
_aPE-LiUPU _beng _cPE-LiUPU _erda |
||
| 049 | _aPRUA | ||
| 082 | 0 | 4 |
_a871.0309 _bD9 _223 |
| 245 | 0 | 0 |
_aDynamics of Neo-Latin and the vernacular : _blanguage and poetics, translation and transfer / _cedited by Tom Deneire. |
| 264 | 1 |
_aBoston : _bBrill, _c2014. |
|
| 300 |
_ax, 327 páginas ; _c25 centímetros. |
||
| 336 |
_atext _2rdacontent |
||
| 337 |
_aunmediated _2rdamedia |
||
| 338 |
_avolume _2rdacarrier |
||
| 490 | 0 |
_aMedieval and Renaissance Authors and Texts ; _v13 |
|
| 504 | _aBibliografía : páginas 315-322. | ||
| 504 | _aIndex : páginas 323-327. | ||
| 505 | 0 | _aIntroduction: dymamics of Neo-Latin and the vernacular: history and introduction -- Introduction: dymamics of Neo-Latin and the vernacular: some thoughts regarding its approach -- Neo-Latin and vernacular poetics of self-fashioning in duch occasional poetry (1635-1640) -- Liminary poetry in latin and dutch. The case of Pieter Bor's Nederlantsche Oorlonghen -- Exploring the bordelands. On the division of labour between latin and vernacular(s) in the Church in scania under danish and swedish rule in the seventeenth century -- Dabiel Heinsius als leitfigur auf dem Wege zur deutschen kulturnation im spannungsfeld von Latein und Landessprachen... -- Vitruvius and his sixteenth-century readers, in Latin and vernacular. | |
| 526 | _aP145 | ||
| 526 | _aP127 | ||
| 526 | _aP97 | ||
| 526 | _aP14 | ||
| 526 | _aP07 | ||
| 650 | 0 | 4 | _aHumanistas. |
| 650 | 0 | 4 | _aLengua latina, medieval y moderna. |
| 650 | 0 | 4 |
_aLiteratura latina, Medieval y moderna _xHistoria y crítica. |
| 700 | 1 |
_aDeneire, Tom, _eeditor. |
|
| 910 |
_ajck _bncf _cncf _d20170630 |
||
| 942 |
_2ddc _cBOOK |
||
| 949 |
_a871.0309 D9 _wDEWEY _c1 _i76494 _lCCODEBUL1 _mBUL _p72.17 _r0 _sY _tBOOK _u2017-06-30 _xTEOLOGIA _PP35 _0DONACION _o.STAFF. Colección Teología |
||
| 994 |
_aC0 _bPEPRU |
||
| 596 | _a1 | ||
| 999 |
_a871.0309 D9 _wDEWEY _c24542 _i76494 _f2021-11-11 _g4 _lCCODEBUL1 _mBUL _p72.17 _r0 _sY _tBOOK _u2017-6-30 _xTEOLOGIA _PP35 _0COMPRA _o.STAFF. Colección Teología _d24542 |
||
| 980 |
_81 _gALBERTO SANCHEZ Responsable de Automatización |
||